000
00315nam a2200121Ia 4500
008
231129s1977||||xx |||||||||||||| ||spa||
082
_a
OEM- 1709
100
_a
ílvarez Gardeazábal Gustavo
245
0
_a
El bazar de los idiotas
260
_c
1977
264
_a
Bogotá: Plaza y Janés 1977
942
_2
ddc
_c
BKS
999
_c
10357
_d
10357